Go For The Gold: Chain Reaction 2 Quiz Stats

 Plays Quiz not verified by Sporcle

Challenge
Share
Tweet
Embed
Score 0/25 Timer 04:00
0 Plays Today
Word % Correct
Shooting
94.9%
Lock
93.7%
Last
93.7%
Graph
93.7%
Mountain
93.7%
Shoe
93.7%
Dress
93.7%
Star
54.4%
Line
46.8%
*Chest
46.8%
Lace
44.3%
*Houses
44.3%
Trek
36.7%
Word % Correct
Bike
31.6%
*Dog
31.6%
Dance
31.6%
Break
24.1%
Jail
17.7%
Name
12.7%
Tag
11.4%
You Got It Right! Please Comment if Game Was Enjoyed
10.1%
Bear
8.9%
*Go
8.9%
Health
6.3%
Care
6.3%

You're not logged in!

Compare scores with friends on all Sporcle quizzes.
Join for Free
OR
Log In

You Might Also Like...

Show Comments

Extras

Created Dec 7, 2011ReportNominate
Tags:boy, chad, Chain Game, gold, reaction, second

Top Quizzes Today


Score Distribution

Your Account Isn't Verified!

In order to create a playlist on Sporcle, you need to verify the email address you used during registration. Go to your Sporcle Settings to finish the process.

Report this User

Report this user for behavior that violates our Community Guidelines.

Details: